|
|
|
|
| LEADER |
02484nem a2200541 a 4500 |
| 001 |
mzk03001178373 |
| 003 |
CZ BrMZK |
| 005 |
20130926152439.0 |
| 007 |
aj|canzn |
| 008 |
076644q17401760gw i||||||a|||||1|||lat|d |
| 034 |
1 |
|
|a a
|b 6000
|d E0134000
|e E0134417
|f N0532000
|g N0510303
|
| 040 |
|
|
|a BOE801
|b cze
|
| 041 |
0 |
|
|a lat
|a ger
|
| 043 |
|
|
|a e-gx---
|
| 072 |
|
7 |
|a 912:904
|x Staré mapy
|2 Konspekt
|9 7
|
| 080 |
|
|
|a (430.246)
|2 MRF
|
| 080 |
|
|
|a (084.3)
|2 MRF
|
| 080 |
|
|
|a (084.1)
|2 MRF
|
| 080 |
|
|
|a 912.43:911.375
|2 MRF
|
| 100 |
1 |
|
|a Seutter, Matthäus,
|d 1678-1757
|7 mzk2006356135
|4 aut
|
| 245 |
1 |
0 |
|a Dresda ad Albim, Saxoniae Superioris Metropolis, ac magnifica Ducis Electoris et Regis Poloniae
|h [kartografický dokument] =
|b Dresden an der Elb, eine Haupt Stadt des Obern Sachsen, u. Höchst vortreffliche Residentz des dasigen Churfürsten u. Konigs in Pohlen
|
| 246 |
3 |
1 |
|a Dresden an der Elb, eine Haupt Stadt des Obern Sachsen, u. Höchst vortreffliche Residentz des dasigen Churfürsten u. Konigs in Pohlen
|h [kartografický dokument]
|
| 255 |
|
|
|a Měřítko [ca 1:6 000]
|c (013°40´00" v.d.--013°44´17" v.d./053°20´00" s.š.--051°03´03" s.š.)
|
| 260 |
|
|
|a Augspurg :
|b opera et sumptibus Matth. Seutteri,
|c [mezi 1740 a 1760]
|
| 300 |
|
|
|a 1 mapa :
|b ručně kolorovaná mědirytina ;
|c 36,5 x 47 cm, na listu 56 x 65,5 cm, složeno na 28 x 33 cm
|
| 500 |
|
|
|a Výzdoba: Vlevo nahoře v drapérii německý text, pod ním rejstřík míst
|
| 500 |
|
|
|a Sever orientován na pravé straně
|
| 505 |
0 |
|
|t Die Königl. u. Churfürste Sächsische Haupt u. Residentz Stadt und Vestung Dresden. --
|g 11 x 55,5 cm
|
| 510 |
3 |
|
|a IKAR
|
| 546 |
|
|
|a Název latinsky a německy
|
| 561 |
|
|
|a Provenience: (stará signatura) 43.1.
|
| 561 |
|
|
|a Provenience: (stará signatura) D 43
|
| 561 |
|
|
|a Provenience: (stará signatura) G 89
|
| 655 |
|
7 |
|a staré mapy
|7 fd674099
|2 czenas
|
| 655 |
|
7 |
|a plány měst
|7 fd133027
|2 czenas
|
| 655 |
|
7 |
|a veduty
|7 fd133805
|2 czenas
|
| 651 |
|
7 |
|a Drážďany (Německo)
|7 ge129086
|2 czenas
|
| 740 |
4 |
2 |
|a Die Königl. u. Churfürste Sächsische Haupt u. Residentz Stadt und Vestung Dresden
|
| 903 |
|
|
|a RP
|
| 910 |
|
|
|e BOE950
|c R - CCV (I.I.a.)
|
| 978 |
|
|
|b Seutter, Matthäus
|a Augsburg
|c 1740-1760
|
| 984 |
|
|
|a Augsburg
|b Německo
|
| 985 |
|
|
|a 1701-1750
|
| 985 |
|
|
|a 1751-1800
|
| 990 |
|
|
|a MP
|
| 996 |
|
|
|e BOE950
|c R - CCV (I.I.a.)
|
| 991 |
|
|
|k rajhrad
|
| 980 |
|
|
|c 290210
|g R - CCV (I.I.a.)
|d 20070604
|t 5
|1 328100290210
|n J
|z KR
|